Code général des impots
Αποθηκεύτηκε σε:
| Μορφή: | Βιβλίο |
|---|---|
| Γλώσσα: | Γαλλικά |
| Έκδοση: |
París
Dalloz
1969
|
| Σειρά: | Petits Codes Dalloz
|
| Θέματα: | |
| Ετικέτες: |
Προσθήκη ετικέτας
Δεν υπάρχουν, Καταχωρήστε ετικέτα πρώτοι!
|
MARC
| LEADER | 00000nam a2200000 a 4500 | ||
|---|---|---|---|
| 001 | UCS0525 | ||
| 003 | CL-VaPUC | ||
| 008 | 970426e19690000FR |||||||||||||||||fre|d | ||
| 082 | 0 | 4 | |a 343.04 |b COD |2 21 |
| 245 | 1 | 0 | |a Code général des impots |
| 300 | |a 1605 p | ||
| 942 | |c BK | ||
| 945 | |d 19970426 00:00:00 |a paguirre | ||
| 260 | |a París |b Dalloz |c 1969 | ||
| 650 | 0 | |a Derecho tributario |9 258895 | |
| 650 | 0 | |a Impuestos |9 255450 | |
| 650 | 0 | |a Códigos |9 352314 | |
| 650 | 7 | |a CONTRIBUYENTE |2 CL-VaPUC |9 383930 | |
| 650 | 7 | |a SISTEMA TRIBUTARIO |2 CL-VaPUC |9 384149 | |
| 583 | |a last modification |c 19970426 00:00:00 |k Rodrigo Vera | ||
| 490 | 0 | |a Petits Codes Dalloz | |
| 999 | |c 258750 |d 258748 | ||
| 952 | |0 0 |1 0 |4 0 |6 343_040000000000000_COD_1969 |7 0 |8 A |9 283040 |a BIBDER |b BIBDER |d 2019-11-19 |i 1836471 |o 343.04 COD 1969 |p 1836471 |r 2019-11-19 |w 2019-11-19 |y BK |k DER | ||